<?xml version="1.0" encoding="UTF-8"?>
<record
    xmlns:xsi="http://www.w3.org/2001/XMLSchema-instance"
    xsi:schemaLocation="http://www.loc.gov/MARC21/slim http://www.loc.gov/standards/marcxml/schema/MARC21slim.xsd"
    xmlns="http://www.loc.gov/MARC21/slim">

  <leader>00719nam a22002057a 4500</leader>
  <controlfield tag="005">20240216113248.0</controlfield>
  <datafield tag="010" ind1=" " ind2=" ">
    <subfield code="a">ENG-139308</subfield>
  </datafield>
  <datafield tag="020" ind1=" " ind2=" ">
    <subfield code="c">960.00</subfield>
    <subfield code="a">9789356064058</subfield>
  </datafield>
  <datafield tag="035" ind1=" " ind2=" ">
    <subfield code="a">EN-122840</subfield>
  </datafield>
  <datafield tag="037" ind1=" " ind2=" ">
    <subfield code="b">DBAD/PUB</subfield>
  </datafield>
  <datafield tag="082" ind1=" " ind2=" ">
    <subfield code="a">510</subfield>
    <subfield code="2">1</subfield>
  </datafield>
  <datafield tag="100" ind1=" " ind2=" ">
    <subfield code="a">Jain, Prashant</subfield>
    <subfield code="9">62206</subfield>
  </datafield>
  <datafield tag="245" ind1=" " ind2=" ">
    <subfield code="a">Pathfinder For Pre-RMO/IOQM/</subfield>
    <subfield code="c">By Prashant Jain</subfield>
  </datafield>
  <datafield tag="250" ind1=" " ind2=" ">
    <subfield code="a">1</subfield>
  </datafield>
  <datafield tag="260" ind1=" " ind2=" ">
    <subfield code="a">Uttar Pradesh</subfield>
    <subfield code="b">Pearson India Education Pvt Ltd</subfield>
    <subfield code="c">2023</subfield>
  </datafield>
  <datafield tag="270" ind1=" " ind2=" ">
    <subfield code="b">Uttar Pradesh</subfield>
    <subfield code="a">15th FLoor, Tower-B, World Trade Tower, Plot No.1, Block- C, Sector-16, Noida</subfield>
    <subfield code="e">201301</subfield>
  </datafield>
  <datafield tag="300" ind1=" " ind2=" ">
    <subfield code="a">vpp.</subfield>
    <subfield code="c">25cm(pb)</subfield>
    <subfield code="b">Index</subfield>
  </datafield>
  <datafield tag="500" ind1=" " ind2=" ">
    <subfield code="a">Pre Regional Mathematical Olympiad Indian Olympiad Qualifiers In Mathematics</subfield>
  </datafield>
  <datafield tag="942" ind1=" " ind2=" ">
    <subfield code="2">ddc</subfield>
    <subfield code="c">EN</subfield>
    <subfield code="h">510</subfield>
    <subfield code="m">JAI</subfield>
    <subfield code="e">1</subfield>
  </datafield>
  <datafield tag="999" ind1=" " ind2=" ">
    <subfield code="c">200841</subfield>
    <subfield code="d">200841</subfield>
  </datafield>
  <datafield tag="952" ind1=" " ind2=" ">
    <subfield code="0">0</subfield>
    <subfield code="1">0</subfield>
    <subfield code="4">0</subfield>
    <subfield code="7">0</subfield>
    <subfield code="8">NFIC</subfield>
    <subfield code="a">L</subfield>
    <subfield code="b">L</subfield>
    <subfield code="d">2024-02-16</subfield>
    <subfield code="e">DBAD/PUB</subfield>
    <subfield code="g">960.00</subfield>
    <subfield code="l">1</subfield>
    <subfield code="o">510 JAI</subfield>
    <subfield code="p">EN-122840</subfield>
    <subfield code="r">2026-05-14 12:44:02</subfield>
    <subfield code="s">2026-04-30</subfield>
    <subfield code="t">1</subfield>
    <subfield code="v">960.00</subfield>
    <subfield code="w">2024-02-16</subfield>
    <subfield code="y">EN</subfield>
  </datafield>
</record>
